Nuevo catón cristiano, y catecismo de la doctrina cristiana para educar y enseñar a leer a los niños

Gespeichert in:
Bibliographische Detailangaben
Format: Buch
Sprache:Englisch
Spanisch
Erschienen: México Imprenta de I. Cumplido 1850
Katalog:MANES:  Suchergebnis im Bibliothekskatalog
Schulbuchspezifische Eigenschaften:
Tags: Tag hinzufügen
Keine Tags, Fügen Sie den ersten Tag hinzu!
Hinzugefügt zu:08.10.2017
Geändert in:08.05.2025

MARC

LEADER 00000nam a22000007a 4500
003 OSt
005 20250508091958.0
008 171009b xxu||||| |||| 00| 0 eng d
040 |a centro_manes  |b spa  |c centro_manes 
041 |h spa 
050 0 4 |a LTA BX1965|B3 
100 |q Barrera y Combera, Pedro  |9 45455 
245 1 0 |a Nuevo catón cristiano, y catecismo de la doctrina cristiana  |b para educar y enseñar a leer a los niños 
260 |a México  |b Imprenta de I. Cumplido  |c 1850 
300 |a 94 p 
500 |a Con documentos muy católicos y políticos pertenecientes a su tierna edad, y una explicación de la Doctrina cristiana y Misterios de nuestra santa Fé, con otras útiles curiosidades muy provechosas , así a los niños, como a todo género de persona. 
561 |5 mx-CINVES  |a México. DIE-Cinvestav (Ciudad de México)  |k MANES 
690 0 |a RyM 
691 0 |a PRI 
942 |2 lcc  |c BK 
999 |c 49939  |d 49939 
999 |c manes:49939  |d 49939